| LEADER 00000nam 2200000uu 4500 |
| 001 13399118549 |
| 003 ULIBM |
| 008 170424s2559||||th 000 0 tha d |
| 020 ^a9786160434084
|
| 082 0 ^a639.3758^bส696ป
|
| 100 0 ^aสมหมาย เจนกิจการ.
|
| 245 0 ^aปลานิล /^cโดย สมหมาย เจนกิจการ.
|
| 250 ^aพิมพ์ครั้งที่ 1.
|
| 260 ^aกรุงเทพฯ :^bนานมีบุ๊คส์พับลิเคชั่นส์,^c2559.
|
| 300 ^a52 หน้า :^bภาพประกอบ ;^c26 ซม.
|
| 440 ^aชุด เกษตรกรรมลองทำดู.
|
| 650 ^aปลานิล.
|
| 700 0 ^aณัฐพงษ์ ปานขาว,^eผู้แต่งร่วม.
|
| 999 ^aจริญญา
|
หนังสือดีน่าอ่าน

“ดั่งดวงแก้ว ส่องสว่าง ทางสายงาม”
จัดทำขึ้นเพื่อเฉลิมพระเกียรติ สมเด็จพระเทพรัตนราชสุดา ฯ สยามบรมราชกุมารี
เนื่องในโอกาสมหามงคลเฉลิมพระชนมพรรษา ๕ รอบ ๒ เมษายน ๒๕๕๘
โดยหนังสือเล่มนี้ได้รวบรวม ๖๐ พระอัจฉริยภาพของสมเด็จพระเทพ ฯ
ผู้อ่านจะได้รับแรงบันดาลใจให้พากเพียรเรียนรู้และขยันอดทนทำการงาน
ตามรอยเบื้องพระยุคลบาท เพราะพระองค์ทรงเป็นแบบอย่างอันดีเยี่ยมในทุกด้าน
ทั้งในความใฝ่รู้ใฝ่เรียน คุณธรรมจริยธรรม พระวิริยอุตสาหะในการทรงงาน
และอื่นๆอีกมากมาย ล้วนสามารถสร้างแรงบันดาลใจให้แก่เด็กและเยาวชน
อีกทั้งประชาชนทั่วไป ให้พากเพียรเรียนรู้และขยันอดทนทำการงานตามรอยพระยุคลบาท
เพื่อฝึกฝนตนเองให้เป็นคนดีคนเก่งของครอบครัวและสังคมต่อไป